000 00231 a2200097 4500
001 42829
100 _aSaeed A
245 _aThe eastern times on Quaid-e-Azam
260 _aIslamabad
_bNational institute
_c
090 _c26719
_d26719
942 _aNUST-CAE
_cM
_c18579
999 _c277902
_d277902